|
|
|
|
| LEADER |
00000cam a2200000 7i4500 |
| 001 |
0000002712 |
| 005 |
20031119.0 |
| 020 |
0 |
0 |
|a 9772387387 (set)
|
| 090 |
0 |
0 |
|a R352.2309595
|b ENC 2003
|
| 245 |
0 |
0 |
|a ENCYCLOPEDIA of Dr. Mahathir bin Mohamad, Prime Minister of Malaysia
|
| 260 |
0 |
0 |
|a Cairo; Beirut; Kuala Lumpur :
|b Dar al-Kitab al-Masri; Dar al-Kitab Allubnani; Darulfikir ,
|c 2003
|
| 300 |
|
|
|a 10 v. ;
|c 25 cm.
|
| 500 |
0 |
0 |
|a Includes index
|
| 600 |
0 |
0 |
|a Mahathir bin Mohamad
|f Dato' Seri ,
|c 1925-
|
| 650 |
0 |
0 |
|a Prime Ministers
|z Malaysia
|
| 650 |
0 |
0 |
|a Speeches and addresses
|
| 998 |
|
|
|a JPSM
|
| 999 |
|
|
|a 0000004803
|b Monograph
|c Reference
|e Default branch
|
| 999 |
|
|
|a 0000004804
|b Monograph
|c Reference
|e Default branch
|
| 999 |
|
|
|a 0000004805
|b Monograph
|c Reference
|e Default branch
|
| 999 |
|
|
|a 0000004806
|b Monograph
|c Reference
|e Default branch
|
| 999 |
|
|
|a 0000004807
|b Monograph
|c Reference
|e Default branch
|
| 999 |
|
|
|a 0000004808
|b Monograph
|c Reference
|e Default branch
|
| 999 |
|
|
|a 0000004809
|b Monograph
|c Reference
|e Default branch
|
| 999 |
|
|
|a 0000004820
|b Monograph
|c Reference
|e Default branch
|
| 999 |
|
|
|a 0000004821
|b Monograph
|c Reference
|e Default branch
|
| 999 |
|
|
|a 0000004889
|b Monograph
|c Reference
|e Default branch
|